000 00319nam a22001337a 4500
008 181015b xxu||||| |||| 00| 0 eng d
020 _a9781600213106
041 _aeng
080 _a316
100 _a50
101 _aSOC
245 _aNew Research Alcohol Abuse And Alcoholism
_cBrozner .E.Y
942 _2udc
_cBK
999 _c49794
_d49794